000 00634nam a22002417a 4500
003 UA-OsUOA
001 30339
007 ta
008 20041109b un ||||| |||| 00| 0 ukr d
100 _aБелов С.
090 _a929:821(40+571)
_bБ43
942 _cBK
040 _aUA-OsUOA
_brus
_cUA-OsUOA
_dUA-OsUOA
245 _aЖена писателя
_bПоследняя любовь Ф. М. Достоевского
300 _a208 с.
955 _a0
041 _arus
080 _a929:821(40+571)
260 _aМосква
_bСоветская Россия
_c1986
044 _aRU
650 7 _2UDC
999 _c316750
_d316750